Kształty państw na literę E - Statystyki

Ogólne statystyki
  • Ten quiz został rozwiązany 60 razy
  • Średni wynik to 5 z 6
Statystyki odpowiedzi
Obrazkowy Odpowiedź % Poprawnych
Egipt
100%
Estonia
90%
Erytrea
84%
Etiopia
84%
Ekwador
78%
Eswatini
72%
Nie znaleziono quizów pasujących do podanych kryteriów
Rozkład punktacji
Procent ludzi z każdym wynikiem
Percentyl według liczby udzielonych odpowiedzi
Twoja historia wyników
Nie rozwiązałeś tego quizu